Städte, die mit A beginnen auf einer Weltkarte - Statistiken

Allgemein
  • Dieses Quiz wurde 7.392 mal gespielt
  • Das Durchschnittsergebnis liegt bei 15 aus 31
Antworten auf der Karte
Die Antworten werden auf der Karte rot bzw. grün angezeigt, abhängig davon wie oft sie richtig erraten wurden.
 
Antwortstatistiken
Stadt % Korrekt
Amsterdam
95%
Ankara
91%
Athen
89%
Algier
77%
Auckland
69%
Abu Dhabi
65%
Alexandria
65%
Atlanta
64%
Austin
62%
Addis Abeba
61%
Antwerpen
61%
Aberdeen
58%
Asunción
58%
Antananarivo
56%
Accra
54%
Amman
54%
Antalya
54%
Adelaide
48%
Abuja
47%
Anchorage
41%
Aşgabat
38%
Aleppo
35%
Alicante
34%
Aden
28%
Acapulco
25%
Almaty
25%
Ahmedabad
22%
Agra
21%
Atlantic City
11%
Amritsar
6%
Angeles City
6%
Keine übereinstimmenden Quizze gefunden
Verteilung der Resultate
Anzahl Personen mit jedem Resultat
Perzentil nach korrekt beantworteten Fragen
Ihre Resultats-Entwicklung
Sie haben dieses Quiz noch nicht gespielt